| 000 | 00605nam a2200181 i 4500 | ||
|---|---|---|---|
| 001 | 112959 | ||
| 003 | ES-MaACL | ||
| 005 | 20230906185718.0 | ||
| 007 | t| | ||
| 008 | 061121q19401949sp r ||||1| spa d | ||
| 110 | 2 |
_aMuseo Nacional de Escultura (España) _95901 |
|
| 245 | 1 | 3 | _aEl Museo Nacional de Escultura de Valladolid. |
| 260 |
_a[s.l.] : _bDirección General del Turismo, _c[194-?] |
||
| 300 |
_a4 h. 2 láms. : _bil ; _c18 cm. |
||
| 610 | 2 |
_aMuseo Nacional de Escultura (España) _95901 |
|
| 710 | 1 |
_aEspaña. _bDirección General de Turismo. _9172729 |
|
| 852 |
_aES-MaACL _j1874-F-22 _bR.24490 |
||
| 999 |
_c112959 _d112959 |
||